[Event "Chessable Masters by chess24-KO"]
[Site "Online"]
[Date "2020.06.24"]
[Round "1.1"]
[White "Giri, Anish"]
[Black "Grischuk, Alexander"]
[Result "1/2-1/2"]
[WhiteElo "2731"]
[BlackElo "2784"]
[Annotator "TA"]
[PlyCount "117"]
[EventDate "2020.06.20"]
[EventType "k.o."]
[SourceTitle "playchess.com"]
[Source "ChessBase"]
[SourceQuality "1"]

{[%evp 12,117,9,8,24,15,35,10,13,21,21,21,21,7,26,38,42,20,48,44,69,0,0,0,0,-33,-29,-42,-43,-50,-51,-41,-28,-25,-23,-35,63,63,63,63,60,17,65,58,29,19,130,130,145,176,249,252,318,314,314,314,376,368,489,445,491,483,463,441,485,497,352,329,319,333,337,400,400,400,400,400,400,400,400,400,400,400,400,400,1694,1506,5077,4134,1884,199,203,103,103,103,103,103,114,8,8,8,8,0,0,-8,-8,-8,-8,-8]} 1. e4 e5 2. Nf3 Nc6 3. Bc4 Bc5 4. O-O Nf6 5. d3 d6 6. c3 O-O 7. Re1 Bb6 {7...a5 is a critical line. C54: Giuoco Piano: 4 c3 Nf6, main lines with 5 d4 and 5 d3.} 8. h3 Ne7 9. Nbd2 {[%cal Bb1d2,Bd2f1,Bf1e3][%mdl 32]} c6 10. Bb3 Ng6 11. Nf1 d5 12. Bg5 h6 13. Bxf6 $1 Qxf6 14. exd5 {[#]} Rd8 $146 ({Predecessor:} 14... cxd5 15. Bxd5 Nf4 16. Be4 Bxh3 17. gxh3 Nxh3+ 18. Kg2 Nf4+ 19. Kh1 Bxf2 20. Re2 Nxe2 21. Qxe2 {0-1 (38) Bologan,V (2732)-Karjakin,S (2779) Astana 2012}) 15. Ne3 a5 16. d4 ({White should play} 16. Nc4 $14 Bc7 17. d4) 16... exd4 $11 17. cxd4 Nf4 18. dxc6 (18. Rc1 {is more complex.} cxd5 19. Nxd5 Nxd5 20. Bxd5 Rxd5 21. Re8+) 18... bxc6 19. Ng4 Bxg4 $1 20. hxg4 Bxd4 21. Nxd4 Rxd4 22. Qf3 Rd2 23. Rad1 Rad8 (23... Rxb2 $15 24. Bc4 Nd5 $1 {[%mdl 512]}) 24. Rxd2 $14 Rxd2 25. Qe3 $1 {[%cal Re3d2]} Rd8 26. Qe7 (26. g3 {feels hotter.} Nh3+ 27. Kg2 Ng5 28. Qc3 Qxc3 29. bxc3 Ne6 30. Bxe6 fxe6 31. Rxe6 Rd2 32. a4) 26... Nd5 27. Qxf6 Nxf6 {[%mdl 4096] Endgame KRB-KRN} 28. f3 Kf8 (28... Rd2 $11 {remains equal.}) 29. Rc1 $1 $16 Rd4 30. Rxc6 a4 (30... Nd7 {might work better.} 31. Rc7 a4) 31. Rc4 $18 Rxc4 32. Bxc4 {KB-KN} Ke7 33. Kf2 Nd7 34. Ke3 f6 35. Bb5 Nc5 36. a3 Kd6 37. Kd4 Ne6+ 38. Kc4 Nf4 39. Bxa4 Nxg2 40. Kd4 g6 41. Be8 Nh4 42. f4 f5 43. gxf5 Nxf5+ 44. Ke4 Ne7 45. b4 g5 46. fxg5 hxg5 {[#]} 47. Bh5 $1 {[%cal Rh5e2]} Nd5 (47... Kc6 $142 48. Bf3 Kb5) 48. Kd4 Nf6 49. Bf3 g4 50. Bg2 $2 (50. Bh1 Kc7 51. a4) 50... Nh5 51. Ke4 ({Better is} 51. Ba8 $18) 51... Ng3+ $16 {[#]} 52. Kf4 $1 {[%mdl 64] Double Attack} Ne2+ 53. Kxg4 Nd4 {[#]} 54. Be4 (54. a4 $1 $16 {[%cal Ra4a5] Strongly threatening a5.} Nc2 55. b5) 54... Nb5 $1 $11 {The position is equal.} 55. a4 Nc3 56. Bc2 {Black must now prevent Bb3.} Nd5 57. b5 {aiming for Bd3.} Ne3+ {[%mdl 64] Double Attack} 58. Kf4 Nxc2 59. b6 {Blacks defense is rewarded with a draw. Accuracy: White = 79%, Black = 61%.} 1/2-1/2

[Event "Chessable Masters by chess24-KO"]
[Site "Online"]
[Date "2020.06.24"]
[Round "1.2"]
[White "Carlsen, Magnus"]
[Black "Caruana, Fabiano"]
[Result "1-0"]
[WhiteElo "2881"]
[BlackElo "2773"]
[Annotator "TA"]
[PlyCount "89"]
[EventDate "2020.06.20"]
[EventType "k.o."]
[SourceTitle "playchess.com"]
[Source "ChessBase"]
[SourceQuality "1"]

{[%evp 11,89,0,19,20,18,19,37,20,27,27,48,38,38,45,41,36,27,32,35,34,26,33,24,24,39,31,102,71,135,135,133,75,72,84,185,185,292,272,285,284,429,278,520,275,304,302,266,298,298,297,266,250,662,652,645,625,761,585,29959,29960,29960,29961,29961,29960,29960,29961,29959,29959,29969,29972,29972,29966,29963,29966,29976,29977,29980,29981,29981,29982]} 1. d4 Nf6 2. c4 e6 3. Nf3 c5 4. e3 d5 5. cxd5 exd5 6. Bb5+ Bd7 7. Bxd7+ {D30: Queen's Gambit Declined: Systems without Nc3.} Qxd7 8. O-O Nc6 9. b3 {White is slightly better.} cxd4 10. Nxd4 {[#]} Nxd4 $146 ({Predecessor:} 10... Be7 11. Bb2 O-O 12. Nd2 Rac8 13. Qb1 Rfe8 14. Nf5 Bd8 15. Rd1 Ne5 16. h3 a6 {½-½ (49) Timofeev,A (2593)-Bayramov,Z (2301) Budapest 2019}) 11. Qxd4 Bd6 12. Bb2 O-O 13. Nc3 Rfe8 14. Nxd5 Bxh2+ $1 15. Kxh2 Qxd5 16. Qxd5 Nxd5 17. Rfd1 Red8 18. Rac1 f6 (18... Nb4 $1 $14) 19. Rd4 $16 {Hoping for Rcd1.} Ne7 (19... Nb6 $142) 20. Rc7 $36 {[%mdl 2048] White is really pushing.} Nf5 {[#]} 21. Rg4 (21. Rxd8+ $142 $1 Rxd8 22. e4 (22. Rxb7 Rd2 $11)) 21... h5 22. Rg6 {And now e4 would win.} Re8 (22... Rac8 $16 23. Rxb7 Re8) 23. Bxf6 $1 $18 (23. Rxb7 $6 Re6 $16) 23... Re6 (23... Rac8 $142 24. Rxc8 (24. Rxb7 Rc6 $16 {[%mdl 64] Pin}) 24... Rxc8) 24. e4 (24. Rxb7 Rxf6 25. Rbxg7+ Nxg7 $11) 24... Rxe4 25. Rg5 (25. Rxb7 Rae8 $16) (25. Bxg7 $6 Rh4+ 26. Kg1 Rg4 $18) 25... Rh4+ 26. Kg1 Re8 $2 {[#]} (26... Rg4 {keeps fighting.} 27. Rxf5 gxf6 28. Rxb7 (28. Rxf6 Rg7 $18) 28... Rc8 29. Rxh5 (29. Rxa7 Rc1+ 30. Kh2 Rh4+ 31. Kg3 Rg4+ 32. Kf3 Rc3+ 33. Ke2 Rxg2 $18) 29... Rc1+ 30. Kh2 Rc2) 27. g3 Rg4 28. Rxf5 ({Less strong is} 28. Rxb7 Re1+ 29. Kh2 Rxg5 $16) 28... gxf6 29. Rxb7 {[%mdl 4096] Endgame KRR-KRR} h4 30. Rf4 ({But not} 30. Rxa7 hxg3 31. fxg3 Rxg3+ 32. Kf1 Rf8 $18) 30... Rxf4 31. gxf4 {KR-KR} Ra8 $2 (31... a6 32. Ra7 Re2) 32. Kg2 a5 33. Kh3 a4 34. Kxh4 axb3 35. axb3 {[%cal Ba2b3,Bb3b4,Bb4b5,Bb5b6][%mdl 32] White mates.} Ra5 36. Kg4 Rd5 37. b4 Kf8 38. b5 Ke8 39. f5 Kf8 40. b6 Rb5 41. f3 Ke8 42. f4 Kf8 43. Kh5 Rxf5+ 44. Kg6 Rxf4 45. Rc7 {Accuracy: White = 89%, Black = 60%.} 1-0

[Event "Chessable Masters by chess24-KO"]
[Site "Online"]
[Date "2020.06.24"]
[Round "1.2"]
[White "Ding, Liren"]
[Black "Nakamura, Hikaru"]
[Result "0-1"]
[WhiteElo "2836"]
[BlackElo "2829"]
[Annotator "TA"]
[PlyCount "100"]
[EventDate "2020.06.20"]
[EventType "k.o."]
[SourceTitle "playchess.com"]
[Source "ChessBase"]
[SourceQuality "1"]

{[%evp 18,100,18,16,32,31,45,45,37,27,31,37,40,38,70,35,69,20,33,0,0,0,0,0,0,0,0,0,0,0,0,0,0,0,0,0,-4,-16,-12,-8,-13,-9,0,0,0,0,0,-80,-14,-146,-134,-146,-135,-147,-138,-138,-140,-138,-135,-157,-155,-148,-144,-144,-145,-235,-239,-225,-223,-256,-256,-266,-260,-317,-312,-422,-418,-421,-360,-452,-451,-422,-384,-612,-592]} 1. d4 f5 2. g3 Nf6 3. Bg2 g6 4. Nf3 Bg7 5. c4 O-O 6. O-O d6 7. Nc3 c6 8. d5 e5 9. dxe6 Bxe6 10. b3 Re8 {A88: Dutch Defence: Leningrad System: 5 Nf3 0-0 6 0-0 d6 7 Nc3 c6.} 11. Ng5 Bc8 12. Bb2 Na6 {[#] White is slightly better.} 13. Qc2 $146 ({Predecessor:} 13. Qd2 Qe7 14. Rad1 Rd8 15. Rfe1 h6 16. Nf3 Nc5 17. Qc2 Be6 18. Nd4 Bf7 19. b4 {1-0 (60) Gukesh,D (2563)-Hasanagic,A (2235) chess.com INT 2020}) 13... Ng4 14. Nh3 Be6 15. Nf4 Bf7 16. Rad1 Qe7 17. h3 Nf6 18. e4 fxe4 19. Rfe1 {[%cal Rc3e4]} Nc5 20. b4 {[#]} Nd3 $1 {[%cal Rd3e1][%mdl 512]} 21. Nxd3 exd3 22. Qd2 Qf8 23. Qxd3 Nd7 {With the idea ...Rxe1+.} 24. Na4 Rxe1+ 25. Rxe1 Ne5 26. Bxe5 $1 dxe5 27. Nc5 b6 $36 {[%mdl 2048] Black fights for an advantage.} 28. Ne4 Qxb4 {[%mdl 64] Double Attack} 29. Rc1 Qb2 30. Rd1 Qxa2 {Hoping for ...Rf8.} 31. Qd7 Rf8 ({Don't blunder} 31... Qxc4 $2 32. Nd6 $18) 32. Nd6 {[#]} (32. Qxc6 $11 Qxc4 33. Qb7) 32... Qxf2+ $1 {[%mdl 512]} 33. Kxf2 {White is on the road to losing.} (33. Kh2 $1 $11 {was the only way to keep the balance.} Qc2 34. Rf1 Bxc4 35. Rxf8+ Bxf8 36. Ne4) 33... Be6+ $1 $17 34. Nf5 Rxf5+ 35. Ke2 Bxd7 36. Rxd7 {[%mdl 4096] Endgame [#] KRB-KRB} Rf7 $1 {[%cal Rf7d7]} 37. Rd8+ Bf8 38. Bxc6 {Black must now prevent Bd5.} Kg7 39. Bd5 Rc7 40. Re8 a5 {[%cal Ba7a5,Ba5a4,Ba4a3][%mdl 32]} 41. Rxe5 (41. g4 $17) 41... a4 42. Kd3 a3 43. Re2 Ra7 {Strongly threatening ...a2.} 44. Ra2 Bd6 45. g4 Be5 46. Kc2 Bb2 47. Kb3 Rd7 48. Kb4 Kf6 49. Kb5 Ke5 50. Bc6 (50. Kxb6 $142 g5 51. Bg2) 50... Rd2 {Accuracy: White = 57%, Black = 90%.} 0-1

[Event "Chessable Masters by chess24-KO"]
[Site "Online"]
[Date "2020.06.24"]
[Round "1.2"]
[White "Ding, Liren"]
[Black "Nakamura, Hikaru"]
[Result "1-0"]
[WhiteElo "2836"]
[BlackElo "2829"]
[Annotator "TA"]
[PlyCount "123"]
[EventDate "2020.06.20"]
[EventType "k.o."]
[SourceTitle "playchess.com"]
[Source "ChessBase"]
[SourceQuality "1"]

{[%evp 15,123,9,10,-11,-9,-13,-7,-6,0,0,0,0,17,23,23,0,6,-16,25,18,15,0,17,15,53,47,40,0,30,0,4,6,6,20,9,8,17,0,66,66,70,74,75,74,68,58,63,60,61,60,48,12,12,8,8,6,15,6,8,8,8,8,8,7,105,0,0,0,7,0,0,0,0,0,0,0,0,0,0,0,8,0,0,0,0,0,0,0,0,0,0,0,0,0,0,0,0,0,0,0,0,0,0,0,0,0,4578,4578,1082,818]} 1. d4 Nf6 2. c4 e6 3. Nc3 Bb4 4. Qc2 O-O 5. a3 Bxc3+ 6. Qxc3 d5 7. Nf3 dxc4 8. Qxc4 b6 9. h4 {E36: Nimzo-Indian: Classical: 4...d5 5 a3.} Ba6 10. Qc2 c5 11. dxc5 {The position is equal.} bxc5 {[#]} 12. Rh3 $146 ({Predecessor:} 12. Bg5 Nbd7 13. e4 Bxf1 14. Kxf1 Qb6 15. Bxf6 Nxf6 16. e5 Nd5 17. Ng5 f5 18. exf6 Nxf6 {0-1 (27) Cardoso Cardoso,J (2313)-Turgut,A (2281) Mumbai 2019}) 12... Nc6 13. Bg5 Nd4 14. Nxd4 cxd4 (14... Qxd4 $6 15. e3 $16) 15. Rd1 e5 $132 {[%mdl 2048] Black is not holding back} 16. Rf3 Bb7 (16... Rc8 $5 {[%cal Rc8c2]} 17. Qf5 d3 $1 $11 {[%mdl 512]}) 17. Bxf6 $1 gxf6 18. Rg3+ Kh8 19. e3 Qe7 20. exd4 exd4+ 21. Be2 (21. Qe2 $5 {[%cal Re2e7]} Qe5 22. Qxe5 fxe5 23. Rb3 $11) 21... Be4 22. Qd2 d3 23. Bxd3 ({But not} 23. Qh6 $2 Rg8 $19) 23... Bxd3+ 24. Re3 Qb7 $1 25. Qxd3 {With the idea Qd4.} Qxg2 26. Qd4 Qg1+ ({Better is} 26... Qh1+ $11 27. Kd2 Qc6) 27. Ke2 $14 Qg6 28. Rf3 Rae8+ 29. Kf1 Re6 30. Rg3 Qf5 31. Qg4 Qxg4 32. Rxg4 {[%mdl 4096] Endgame KRR-KRR} a5 33. b4 axb4 34. axb4 Rb8 35. Rb1 Re5 36. Kg2 h5 37. Rc4 Kg7 38. Kf3 f5 39. Kf4 Kf6 (39... Rbb5 $11 {remains equal.}) 40. Rd1 ({White should play} 40. Rc6+ $16 Re6 41. Rxe6+ fxe6 42. b5) 40... Rb6 41. f3 Reb5 42. Rdd4 Rb8 43. Ke3 R5b6 44. Kd3 Ke6 45. Kc3 Ra6 46. Kb3 Rba8 47. b5 Ra1 48. Rc2 R1a3+ 49. Kb4 R3a4+ 50. Kc5 Rc8+ 51. Kb6 Rxd4 52. Rxc8 Rxh4 $11 {KR-KR} 53. Ka5 {b6 is the strong threat.} Kd7 54. Rc5 Rh1 55. b6 h4 56. b7 Ra1+ 57. Kb6 {Intending Rb5 and mate.} Rb1+ 58. Ka7 Ra1+ $1 59. Kb8 h3 {And now ...h2 would win.} 60. Rc2 Rh1 $2 {[%mdl 8192] [#]} ({Not} 60... Rb1 61. Rd2+ Ke6 62. Re2+ Kd6 63. Rh2 $16) (60... Ra3 $11) 61. Ra2 $1 $18 Rb1 62. Ka7 {Accuracy: White = 91%, Black = 84%.} 1-0

[Event "Chessable Masters by chess24-KO"]
[Site "Online"]
[Date "2020.06.24"]
[Round "1.2"]
[White "Nakamura, Hikaru"]
[Black "Ding, Liren"]
[Result "1/2-1/2"]
[WhiteElo "2829"]
[BlackElo "2836"]
[Annotator "TA"]
[PlyCount "97"]
[EventDate "2020.06.20"]
[EventType "k.o."]
[SourceTitle "playchess.com"]
[Source "ChessBase"]
[SourceQuality "1"]

{[%evp 9,97,17,14,12,22,11,11,8,14,0,4,0,6,11,25,20,17,17,21,4,44,33,41,33,62,0,16,7,27,4,9,0,0,0,0,10,32,0,0,0,0,-9,0,-16,-3,-12,-4,-4,-4,-4,-4,-12,-2,-4,29,25,25,25,25,25,34,24,25,8,0,0,0,0,0,0,5,0,0,-11,-8,-8,-8,-96,-72,-86,-11,-86,0,0,0,0,0,0,0,-11]} 1. e4 e5 2. Nf3 Nc6 3. Bb5 Nf6 4. d3 Bc5 5. Bxc6 dxc6 6. O-O {C65: Ruy Lopez: Berlin Defence (3...Nf6), unusual lines and 4 0-0 Bc5.} Nd7 7. Nbd2 {7.c3 is more fashionable. Played by Hikaru Nakamura in April 2020.} O-O 8. Nc4 Re8 9. a4 a5 10. Be3 Bb4 11. Nfd2 {[#]} b6 $146 ({Predecessor:} 11... b5 12. Na3 Ba6 13. f4 exf4 14. Rxf4 Bd6 15. Rf2 Qh4 16. h3 Nb6 17. axb5 cxb5 {½-½ (29) Nakamura,H (2736)-Ding,L (2791) chess24.com INT 2020}) 12. f4 exf4 13. Bxf4 Nf8 14. c3 Bd6 15. Nxd6 cxd6 16. Nc4 Re6 17. Qh5 (17. Qb3 $14) 17... Ra7 18. Ne3 Ng6 19. Bg3 d5 20. Nf5 {Threatening Nd4.} dxe4 21. dxe4 Rxe4 22. Rad1 Rd7 23. Qf3 {[#] Hoping for Rxd7.} (23. Nd6 {is more complex.} Re3 24. Nxf7 Rxd1 25. Nxd8 Rd5 26. Qd1) 23... Re6 ({Don't blunder} 23... Rxa4 $2 24. Nd6 $18) 24. Rxd7 Bxd7 25. Rd1 Nf8 26. Nd4 (26. Qg4 {keeps more tension.} Qf6 27. Bh4 Qe5 28. Bg3 h5 29. Bxe5 hxg4 30. Bxg7 Re8 31. Bxf8 Bxf5 32. Bh6) 26... Re8 27. Nxc6 Qg5 28. Rf1 f6 {next ...Re3 is good for Black.} 29. Bf2 Ng6 (29... Bg4 $5 30. Qg3 $8 Bd7 $11) 30. Nd4 Bxa4 31. h4 Nxh4 32. Bxh4 Qxh4 33. b3 {[#]} Bxb3 $1 {[%mdl 512]} 34. Nxb3 Qe4 35. Nd4 Qxf3 36. gxf3 $11 {[%mdl 4096] Endgame KRN-KR} (36. Rxf3 {feels hotter.} h5 37. Rf1 Rc8 38. Rb1 h4 39. Rxb6 Rxc3 40. Ra6) 36... Rc8 37. Rc1 g5 38. Kf2 Kf7 39. f4 gxf4 40. Ke2 h5 41. Kd3 h4 42. Rh1 Rh8 43. Nf3 (43. Ke4 $11 {keeps the balance.}) 43... h3 $17 44. Rh2 b5 (44... Ke6 $17 {And now ...Kf5 would win.} 45. Ke4 a4) 45. Ra2 (45. Nd4 $11) 45... b4 (45... Re8 $17 {Strongly threatening ...Re3+.} 46. Ng1 a4) 46. cxb4 $11 {The position is equal.} axb4 47. Ke4 b3 48. Rb2 Ke6 49. Rxb3 {Accuracy: White = 86%, Black = 87%.} 1/2-1/2

[Event "Chessable Masters by chess24-KO"]
[Site "Online"]
[Date "2020.06.24"]
[Round "1.2"]
[White "Nakamura, Hikaru"]
[Black "Ding, Liren"]
[Result "1-0"]
[WhiteElo "2829"]
[BlackElo "2836"]
[Annotator "TA"]
[PlyCount "57"]
[EventDate "2020.06.20"]
[EventType "k.o."]
[SourceTitle "playchess.com"]
[Source "ChessBase"]
[SourceQuality "1"]

{[%evp 9,57,15,10,0,0,-1,10,5,35,16,57,71,57,56,70,69,75,49,130,119,118,136,120,120,138,65,74,43,62,41,91,89,103,113,200,209,217,221,233,230,241,241,559,373,399,336,298,256,708,700]} 1. Nf3 Nf6 2. e3 g6 3. c4 Bg7 4. Nc3 c5 5. d4 cxd4 6. Nxd4 {A31: Symmetrical English: 2 Nf3 Nf6 3 d4.} O-O 7. Nc2 Nc6 8. Be2 {[#] The position is equal.} e6 $146 ({Predecessor:} 8... b6 9. O-O Ba6 10. b3 d5 11. cxd5 Bxe2 12. Nxe2 Nxd5 13. Rb1 Ndb4 14. Nxb4 Nxb4 15. Bd2 {0-1 (22) Ozen,B (2349)-Ivanisevic,I (2603) Skopje 2018}) 9. e4 d5 10. exd5 exd5 11. cxd5 Ne7 {[%cal Rf6d5]} 12. Ne3 a6 13. a4 b6 (13... Nf5 $14) 14. Bf3 {[#] Strongly threatening d6.} Bb7 15. d6 Nc6 {[%cal Be7c6,Bc6a5,Ba5b7,Bb7d6,Bd6f5,Bf5d4][%mdl 32]} 16. O-O Na5 17. Bxb7 ({White should try} 17. Ned5 $16) 17... Nxb7 $14 18. Nc4 $36 {[%mdl 2048] And now Nd5 would win. White is more active.} Rc8 19. Qb3 Nxd6 20. Nxb6 Rb8 21. a5 {[%cal Ba4a5,Ba5b6][%mdl 32]} Nd7 (21... Nde4 $16) 22. Ncd5 $18 Nxb6 23. axb6 Nf5 24. Bf4 Nd4 25. Qc4 Rb7 $2 {[#]} (25... Rxb6 {is tougher.} 26. Bc7 (26. Nxb6 Qxb6 27. Rxa6 Qxb2 $18) 26... Rc6) 26. Rad1 Rd7 27. Bc7 ({Not} 27. Rxd4 Bxd4 28. b7 Ba7 $16) 27... Qa8 28. Nc3 Rc8 $2 (28... Re8 29. Rfe1 Rxe1+ 30. Rxe1 h6) 29. Qa4 {Accuracy: White = 78%, Black = 49%.} 1-0

[Event "Chessable Masters by chess24-KO"]
[Site "Online"]
[Date "2020.06.24"]
[Round "1.2"]
[White "Grischuk, Alexander"]
[Black "Giri, Anish"]
[Result "0-1"]
[WhiteElo "2784"]
[BlackElo "2731"]
[Annotator "TA"]
[PlyCount "92"]
[EventDate "2020.06.20"]
[EventType "k.o."]
[SourceTitle "playchess.com"]
[Source "ChessBase"]
[SourceQuality "1"]

{[%evp 15,92,16,19,16,16,17,26,20,20,16,23,21,14,0,25,32,27,0,0,0,0,0,0,0,0,7,7,0,0,0,0,0,0,0,0,0,0,0,0,0,0,0,0,0,0,-48,-44,-99,-107,-108,-108,-108,-100,-130,-119,-152,-143,-180,-128,-209,-186,-235,-231,-371,-359,-416,-357,-443,-433,-554,-552,-888,-873,-1907,-1038,-833,-347,-683,-676]} 1. d4 d5 2. c4 c6 3. Nf3 Nf6 4. Nc3 dxc4 5. a4 Bf5 6. Ne5 Nbd7 7. Nxc4 Nb6 8. Ne5 a5 9. f3 {D17: Slav Defence: 5 a4 Bf5: Lines with 6 Nh4 and 6 Ne5.} Nfd7 10. Nxd7 Bxd7 11. e4 {White has an edge.} e6 12. Be2 {[#]} Bb4 $146 ({Predecessor:} 12... Bd6 13. O-O O-O 14. e5 Be7 15. Be3 Nd5 16. Nxd5 cxd5 17. Qb3 Rb8 18. f4 b5 19. axb5 Bxb5 20. Bxb5 {½-½ (34) Mahalakshmi,M (2245)-Li,Y (2264) Xingtai 2019}) 13. O-O O-O 14. Kh1 h6 15. Be3 Rc8 16. Qb3 c5 17. Rfd1 Qe7 18. dxc5 Bxc5 19. Nb5 Bxe3 20. Qxe3 Qc5 21. Qxc5 Rxc5 22. b3 Rfc8 23. Kg1 Kf8 24. Nd6 R8c7 25. Nb5 Rc8 26. Nd6 R8c7 27. Nb5 Bxb5 28. axb5 Rc2 29. Bf1 Rb2 30. Rd6 Nc8 $1 {[%cal Rc8d6]} 31. b6 {[#] Black converts the advantage convincingly.} ({Better is} 31. Rdd1 $15) 31... Rc5 $1 $17 32. Rd7 Rxb3 33. Rxb7 {aiming for Rd1.} Rxb6 34. Rd7 g5 35. h3 Rb2 36. Rd4 Ne7 (36... Nb6 $19 37. Rd8+ Kg7) 37. Rd8+ (37. Rda4 $17) 37... Kg7 $19 38. Rd7 Ng6 39. Ra7 (39. Rdd1 $142) 39... Nh4 40. Rd1 {If only White now had time for f4....} Kg6 41. Kh1 Rcc2 42. e5 {With the idea Bd3+.} Rf2 43. Bd3+ Kg7 44. Be4 Rxg2 {[#] ( -> ...Rh2+)} 45. f4 Rh2+ 46. Kg1 Rhe2 {Accuracy: White = 57%, Black = 86%.} 0-1

[Event "Chessable Masters by chess24-KO"]
[Site "Online"]
[Date "2020.06.24"]
[Round "1.2"]
[White "Nepomniachtchi, Ian"]
[Black "Artemiev, Vladislav"]
[Result "1-0"]
[WhiteElo "2778"]
[BlackElo "2769"]
[Annotator "TA"]
[PlyCount "93"]
[EventDate "2020.06.20"]
[EventType "k.o."]
[SourceTitle "playchess.com"]
[Source "ChessBase"]
[SourceQuality "1"]

{[%evp 18,93,37,37,31,5,12,0,59,32,24,23,37,14,43,30,41,26,34,31,43,35,31,20,86,31,29,34,55,50,45,60,50,1,0,-25,-15,-29,20,21,27,29,43,46,50,41,54,44,56,41,45,36,41,36,27,13,260,265,232,235,678,655,1070,998,890,0,0,0,0,0,0,0,0,0,0,0,0,0]} 1. e4 e5 2. Nf3 Nc6 3. Bb5 g6 4. c3 a6 5. Ba4 d6 6. d4 Bd7 7. O-O Bg7 8. h3 Nf6 9. Re1 O-O 10. Nbd2 Re8 {C60: Ruy Lopez: Unusual Black 3rd moves and 3...g6.} 11. d5 Ne7 12. Bc2 {[#]} Bh6 $146 ({Black should try} 12... b5 $11) ({Predecessor:} 12... h6 13. Nf1 Nh7 14. g4 f5 15. gxf5 gxf5 16. exf5 Bxf5 17. Bxf5 Nxf5 18. Ng3 Qd7 {0-1 (64) Tokhirjonova,G (2378)-Safarli,E (2598) Europe Chess INT 2020}) 13. Nf1 Bxc1 14. Qxc1 Kg7 15. Ng3 a5 16. c4 Qb8 17. b3 Qa7 18. Bd3 Qc5 19. a3 {[%cal Ba2a3,Ba3b4][%mdl 32]} c6 20. dxc6 bxc6 (20... Nxc6 $11 21. Rd1 h6) 21. Qd2 (21. Qc3 $16) 21... Be6 $14 22. b4 axb4 23. axb4 Qb6 24. Bf1 Qc7 25. Qc3 Nd7 26. Rad1 f6 27. Rd2 c5 28. b5 Nb6 {Black wants to play ...Ra4.} 29. Red1 Red8 30. Be2 Rd7 {Threatening ...Ra4.} 31. Nf1 Nec8 32. Ne3 Qb8 33. Nh4 Ra4 34. Bg4 Bxg4 35. hxg4 Qa8 36. g5 {aiming for gxf6+.} fxg5 $2 {[#]} (36... Qxe4 $11 {and Black stays safe.} 37. gxf6+ Kxf6) 37. Nhf5+ $1 $18 (37. Nf3 Re7 $11) 37... gxf5 38. Nxf5+ Kg8 $2 {[#]} (38... Kf8) 39. Qg3 $1 {[%mdl 512]} Qxe4 40. Qxg5+ Kf7 41. Rd3 $2 ({Inferior is} 41. Nh6+ Ke8 $11) ({White must play} 41. Qg7+ $18 Ke6 42. Qh6+ Kxf5 43. f3 Qe3+ 44. Qxe3) 41... Ra1 $1 $11 {[%cal Ra1d1] The position is equal.} 42. Rxa1 Qxd3 43. Ra3 Qxa3 44. Nh6+ $1 Ke8 45. Qg8+ Ke7 {Threatens to win with ...Qc1+.} 46. Qg5+ Ke6 47. Qf5+ {[%mdl 32768] Blacks defense is rewarded with a draw. Accuracy: White = 81%, Black = 71%. . Loss on time!?} 1-0

[Event "Chessable Masters by chess24-KO"]
[Site "Online"]
[Date "2020.06.24"]
[Round "1.2"]
[White "Caruana, Fabiano"]
[Black "Carlsen, Magnus"]
[Result "0-1"]
[WhiteElo "2773"]
[BlackElo "2881"]
[Annotator "TA"]
[PlyCount "100"]
[EventDate "2020.06.20"]
[EventType "k.o."]
[SourceTitle "playchess.com"]
[Source "ChessBase"]
[SourceQuality "1"]

{[%evp 18,100,8,4,7,10,3,0,18,20,33,22,100,102,154,154,154,141,148,0,0,0,21,13,16,14,23,23,21,18,39,20,41,0,0,0,0,0,14,0,68,6,4,0,14,0,0,0,0,0,0,-53,-47,-179,-121,-242,-231,-397,-379,-410,-352,-367,-359,-588,-560,-574,-574,-512,-463,-437,-419,-546,-538,-633,-598,-677,-701,-973,-958,-976,-977,-12838,-12835,-12841,-12842]} 1. d4 Nf6 2. c4 e6 3. Nc3 Bb4 4. f3 d5 5. a3 Bxc3+ 6. bxc3 c5 7. cxd5 Nxd5 8. dxc5 Qa5 9. e4 Nf6 10. Be3 O-O {E25: Nimzo-Indian: Sämisch: 5...c5 6 f3 d5 7 cxd5.} 11. a4 Nfd7 12. Kf2 Nxc5 {The position is equal.} 13. Qd6 {[#]} b6 $146 ({Predecessor:} 13... Nxa4 14. Nh3 Bd7 15. Be2 Bc6 16. Rhc1 Rd8 17. Qb4 Qxb4 18. cxb4 a6 19. Nf4 Bb5 {½-½ (34) Zordick,M (2314)-Kuhne,D (2393) GER email 2018}) 14. Bb5 $1 Bd7 {[#]} (14... a6 $11 15. Ne2 Bb7) 15. Ne2 $1 $16 ({But not} 15. Bxc5 bxc5 16. Ne2 (16. Bxd7 Rd8 $11) 16... Rd8 $11) 15... Bxb5 (15... a6 $142) 16. Bxc5 ({Worse is} 16. axb5 Qxb5 17. Bxc5 Qxc5+ 18. Qxc5 bxc5 $11) 16... bxc5 17. Qxc5 {[%mdl 64] Pin} ({Much weaker is} 17. axb5 $6 Qxb5 18. Rhb1 Qc6 $11) 17... Nd7 {[%cal Bb8d7,Bd7e5,Be5g4][%mdl 32]} 18. Qxb5 ({White has to play} 18. axb5 $16 Qb6 19. Qxb6 axb6 20. Rhd1 Rxa1 21. Rxa1) 18... Qc7 $11 19. Rhd1 Ne5 {aiming for ...Rab8.} 20. f4 Ng4+ 21. Kf3 Nf6 22. Qe5 Qe7 23. Rd4 Rac8 24. Rb1 Rfd8 25. Rxd8+ Qxd8 26. Qd4 Qc7 27. Rd1 h6 28. g4 Re8 (28... Qc6 $11) 29. Qd6 (29. h4 $14) 29... Qc4 $132 {[%mdl 2048] Black has counterplay} 30. Qb4 Qc8 31. Ng3 e5 32. f5 Rd8 33. Rxd8+ Qxd8 34. Ke2 ({White should play} 34. h3 $11) 34... Nxg4 $15 {Threatens to win with ...Qh4.} 35. Nf1 ({Better is} 35. h3 $15 Nf6 36. Qc5) 35... a5 $19 36. Qb5 {[#]} (36. Qb1 $17) 36... Qh4 $1 37. Nd2 $2 (37. Kd1) 37... Qxh2+ 38. Kd3 Qg3+ 39. Kc2 Ne3+ 40. Kb3 $2 (40. Kd3 Nxf5+ {[%mdl 64] Discovered Attack} 41. Ke2) 40... Qe1 41. Qd3 Qd1+ 42. Ka2 Qxa4+ 43. Kb2 Ng4 44. Nb3 Nf6 {Black is clearly winning.} 45. Nc5 Qc6 46. Qd8+ Kh7 47. Qe7 Qb5+ 48. Kc2 a4 {[%cal Ba5a4,Ba4a3][%mdl 32]} 49. Qxe5 a3 50. Nd3 Qa4+ {[%mdl 64] Double Attack. What a bad dream for White. Accuracy: White = 54%, Black = 89%.} 0-1